الموانع الطارئة لنفاذ العقود المدنية الحديثة : (رقم التسجيلة. 146330)

تفاصيل مارك
000 -الفاتح
عناصر البيانات ثابتة الطول 00857cam a2200193 i 4500
005 - تاريخ ووقت آخر معاملة
حقل ضبط 20260126124727.0
008 - عناصر البيانات ثابتة الطول
عناصر البيانات ثابتة الطول 250721s2024 ua gr 000 0 ara d
020 ## - الترقيم الدولي المعياري للكتب (ردمك)
الترقيم الدولي المعياري للكتب (ردمك) 9789778684483
082 14 - رقم تصنيف ديوي العشري
رقم التصنيف 346.025
رقم المادة م س ع
100 1# - مدخل رئيسي – اسم شخصي
الاسم الشخصي مسعود، بهاء الدين السيد محمد السيد
علاقة الشخص بالعمل/ دوره معد.
245 12 - بيان العنوان
العنوان الموانع الطارئة لنفاذ العقود المدنية الحديثة :
بقية العنوان في الفقه الاسلامي والقانون المدني /
بيان المسؤولية إعداد الباحث بهاء الدين السيد محمد السيد مسعود.
250 ## - بيان الطبعة
بيان الطبعة الطبعة الأولى.
264 31 - بيانات النشر، التوزيع…إلخ
مكان النشر، التوزيع...إلخ الاسكندرية :
اسم الناشر، الموزع...إلخ مؤسسة المعرفة لنشر وتوزيع الكتب،
تاريخ النشر، التوزيع...إلخ 2024.
300 ## - الوصف المادي
عدد الوحدات المكونة للوعاء 294 صفحة.
650 17 - مدخل إضافي بالموضوع - مصطلح موضوعي
مصطلح موضوعي أو اسم جغرافي كعنصر مدخل القانون.
650 17 - مدخل إضافي بالموضوع - مصطلح موضوعي
مصطلح موضوعي أو اسم جغرافي كعنصر مدخل العقود.
942 ## - بيانات إضافية (كوها)
نوع التنصيف Dewey Decimal Classification
نوع المادة (كوها) كتب
المقتنيات
حالة السحب حالة الفقدان مصدر التصنيف حالة التلف غير قابل للإعارة المكتبة الرئيسية المكتبة الحالية موقع الرف تاريخ التزويد الرقم المتسلسل Total Checkouts رقم الإستدعاء الباركود تاريخ آخر ظهور تاريخ الفاتورة نوع المادة (كوها)
    Dewey Decimal Classification     المكتبة المركزية المكتبة المركزية الإعارة 28/07/2025 1786023   346.025 / م س ع PLD00509501 28/07/2025 28/07/2025 كتب
Implemented & Customized by: BBB with SCIT (Smart Chains for Information Technology)

Powered by Koha